000 00524 a2200193 4500
005 20260128103228.0
008 260127b |||||||| |||| 00| 0 eng d
020 _a9781526464064
_c$ 48.00
040 _aMAIN
082 _a300.723
_bF641D
100 _aFlick, Uwe
245 _aDoing interview research: The essential how to guide
260 _bSage Publications
_c2022
_aLondon
300 _axxi, 421
650 _aSocial Sciences
650 _aResearch Methods
650 _aQualitative Research
942 _cBK
999 _c395437
_d395437